Statistics for Southeast Asia Quiz

Click here to take the quiz!

General Stats

  • This quiz has been taken 27 times
  • The average score is 7 of 15

Answer Stats

HintAnswer% Correct
Which colour is the only shared by all countires flags in Southeast Asia?Red
88%
The elephant is the national animal of what Southeast asian country?Thailand
88%
The name "Timor" derives from the Indonesian word of "Timur" which means what?East
76%
Which country in Southeast Asia got their independence from Indonesia in 2002?East Timor
76%
What island southwest of the Philippines is the only in the world with three countires on it?Borneo
64%
Which is the largest island of the Philippines?Luzon
56%
What strait seperates the Malay Peninsula and the island of Sumatra?Strait of Malacca
52%
What Indonesian island, also known as Celebes have been seeking their freedom through a Independent Revolutionary Movement?Sulawesi
40%
What are the offical languages of Singapore? (Only name two)English, Malay, Tamil, Mandarin
36%
Under what empire did Cambodia experience their glory days?Khmer Empire
36%
Which ethnic minority has famously been persecuted by the gouvernment of Myanmar/Burma?Rohingya
32%
Which previous dictator was originally called Nguyen Sinh Cung and was nicknamed "Uncle"?Ho Chi Minh
28%
What is the currency of Laos?Kip
20%
Under what name is Thailands capital Bangkok also known as?Krung Thep
20%
Except the crescent which represents Islam, what other obeject, except two hands, does the flag of Brunei have? (Hint, it symbolizes monarchy)Parasol
0%

Score Distribution

Percentile by Number Answered

Percent of People with Each Score

Your Score History

You have not taken this quiz